Statistics for Countries with the highest PISA mean score

Click here to take the quiz!

General Stats

  • This quiz has been taken 21 times
  • The average score is 14 of 18

Answer Stats

AnswerMeanMathematicsReadingScience% Correct
Japan530527516547
100%
South Korea518510515528
100%
Finland495484490511
95%
Canada505493507515
89%
Denmark491489489494
89%
Sweden488482487494
89%
United States489465504499
89%
United Kingdom494489494500
84%
Australia497487498507
79%
Ireland503489516504
79%
Singapore560575534461
79%
Switzerland494497483503
79%
Taiwan531540515537
79%
Belgium486489479491
74%
New Zealand495479501504
74%
Estonia515508511526
63%
Poland495498489499
47%
Czechia491487489498
37%

Score Distribution

Percentile by Number Answered

Percent of People with Each Score

Your Score History

You have not taken this quiz